Govt. of
Madhya Pradesh

Ashoka In Ancient India (Record no. 67995)

MARC details
000 -LEADER
fixed length control field 00389nam a22001577a 4500
003 - CONTROL NUMBER IDENTIFIER
control field Macl
005 - DATE AND TIME OF LATEST TRANSACTION
control field 20250711161331.0
008 - FIXED-LENGTH DATA ELEMENTS--GENERAL INFORMATION
fixed length control field 250711b |||||||| |||| 00| 0 eng d
040 ## - CATALOGING SOURCE
Transcribing agency Macl
082 ## - DEWEY DECIMAL CLASSIFICATION NUMBER
Classification number 930
100 ## - MAIN ENTRY--PERSONAL NAME
Personal name Kumar,Dr.Atimash
9 (RLIN) 83207
245 ## - TITLE STATEMENT
Title Ashoka In Ancient India
260 ## - PUBLICATION, DISTRIBUTION, ETC. (IMPRINT)
Place of publication, distribution, etc. Shahdara ,Delhi
Name of publisher, distributor, etc. Apple Books
Date of publication, distribution, etc. 2023
650 ## - SUBJECT ADDED ENTRY--TOPICAL TERM
Topical term or geographic name as entry element Ancient History
9 (RLIN) 16402
942 ## - ADDED ENTRY ELEMENTS (KOHA)
Source of classification or shelving scheme
Koha item type Books
Holdings
Withdrawn status Lost status Source of classification or shelving scheme Damaged status Not for loan Home library Current library Date acquired Cost, normal purchase price Total Checkouts Full call number Barcode Date last seen Date last checked out Price effective from Koha item type
          MACL MACL 11/07/2025 650.00 2 930/kum CRE040281 22/02/2026 05/02/2026 11/07/2025 Books